Les meilleurs joueurs sur FIFA 13 - Statistiques

Statistiques générales
  • Ce quiz a été pris 451 fois
  • Le résultat moyen est 13 sur 20
Statistiques - réponses
Note Joueurs Club % Correct
94 Lionel Messi FC Barcelone
100%
92 Cristiano Ronaldo Real Madrid
99%
90 Andrés Iniesta FC Barcelone
91%
90 Xavi FC Barcelone
90%
89 Zlatan Ibrahimović Paris Saint-Germain
86%
90 Franck Ribéry Bayern Munich
85%
87 Arjen Robben Bayern Munich
81%
87 Wayne Rooney Manchester United
73%
87 Sergio Agüero Manchester City
71%
88 Iker Casillas Real Madrid
68%
87 Philipp Lahm Bayern Munich
63%
87 Gianluigi Buffon Juventus
62%
88 David Silva Manchester City
55%
87 Edinson Cavani SSC Napoli
55%
90 Radamel Falcao Atletico Madrid
52%
87 Andrea Pirlo Juventus
48%
87 Mesut Özil Real Madrid
44%
89 Robin van Persie Manchester United
44%
87 Nemanja Vidić Manchester United
39%
87 Bastian Schweinsteiger Bayern Munich
37%
Aucun quiz correspondant
Distribution des résultats
% des personnes avec chaque résultat
Percentile par nombre de réponses
Votre historique - résultats
Vous n’avez pas pris ce quiz